01209nam a22003257a 4500003000500000005001700005008004100022010001000063011001000073035001000083040000900093090001000102100003400112245009000146260004000236300003000276502010300306590003700409590004100446590004100487590004100528590004100569590004200610650003300652901000700685942001000692949003600702999001700738952012800755CHAP20220329140133.0971013s1975 r 00010 d a47496 a48468 a52614 cCHAP aTesis00aReyes Garza, Cipriano.996841 aEmpleo de insectos como complemento alimenticio para bagre (Ictalurus punctatus Raf.) aMonterrey, N. L. :bEl autor,c1975 a74 h.b: ilus. ; gráfs. aTesis (M. C. Esp. en Fitopatología) -- ITESM. División de Ciencias Agropecuarias y Marítimas aALEPHb10c20130110lUCH01h1317 aBATCH-UPDb10c20130109lUCH01h2359 aBATCH-UPDb10c20130110lUCH01h2124 aBATCH-UPDb10c20130410lUCH01h1434 aBATCH-UPDb10c20130914lUCH01h0523 aCONVERSIONb10c20130109lUCH01h132614aBagrexAlimentación.99408 aBK cTESIS bBCcTESd-117109eTS1i52614si c47496d47496 00102local4051708TESISaBCbBCcPA_TESISd2012-12-17fTESISl0oTesisp-117109r2019-12-31 00:00:00w2019-12-31yTESIS